[Event "China Elite Mind blitz (Women)"]
[Site "Huaian"]
[Date "2016.02.28"]
[Round "5"]
[White "Kosteniuk, Alexandra"]
[Black "Socko, Monika"]
[Result "1/2-1/2"]
[WhiteElo "2554"]
[BlackElo "2448"]
[PlyCount "130"]
[EventDate "2016.02.28"]
[EventType "tourn (blitz)"]
[EventRounds "30"]
[EventCountry "CHN"]
[EventCategory "10"]
[SourceTitle "CBM 171 Extra"]
[Source "ChessBase"]
[SourceDate "2016.04.26"]
[SourceVersion "1"]
[SourceVersionDate "2016.04.26"]
[SourceQuality "1"]

1. e4 e6 2. d4 d5 3. Nc3 Bb4 4. e5 c5 5. a3 Bxc3+ 6. bxc3 Ne7 7. h4 Qa5 8. Bd2
Qa4 9. h5 h6 10. Qb1 c4 11. Rh4 Nbc6 12. Rg4 Nf5 13. Nf3 Bd7 14. Rf4 Rf8 15. g4
Nfe7 16. g5 Nf5 17. Bh3 hxg5 18. Nxg5 O-O-O 19. Qd1 Nce7 20. Bc1 f6 21. Nf3 Rh8
22. Bg4 Be8 23. exf6 gxf6 24. Ng1 Bf7 25. Rb1 Rdg8 26. Kf1 Qe8 27. Qe2 b6 28.
a4 Qxa4 29. Bb2 Qe8 30. Ra1 Kb7 31. Ba3 Nc6 32. Bxf5 exf5 33. Qxe8 Bxe8 34.
Rxf5 Rxh5 35. Rxh5 Bxh5 36. Ne2 Bxe2+ 37. Kxe2 Kc7 38. Rh1 Rg7 39. Rh6 Rf7 40.
Rh8 a5 41. Ke3 b5 42. Bc5 b4 43. cxb4 axb4 44. Ra8 Rh7 45. Ra4 Rh3+ 46. f3 Rh2
47. Bxb4 Nxb4 48. Rxb4 Rxc2 49. Rb5 Kc6 50. Ra5 Rc3+ 51. Kf4 Rd3 52. Ra6+ Kb5
53. Rxf6 Rxd4+ 54. Ke5 Rd1 55. Rf8 c3 56. Rc8 Kb4 57. f4 Kb3 58. f5 c2 59. f6
Kb2 60. Rb8+ Kc3 61. Rc8+ Kd3 62. Kxd5 c1=Q 63. Rxc1 Rxc1 64. f7 Rf1 65. Ke6
Ke4 1/2-1/2

[Event "China Elite Mind blitz (Women)"]
[Site "Huaian"]
[Date "2016.02.28"]
[Round "6"]
[White "Krush, Irina"]
[Black "Kosteniuk, Alexandra"]
[Result "1-0"]
[WhiteElo "2458"]
[BlackElo "2554"]
[PlyCount "97"]
[EventDate "2016.02.28"]
[EventType "tourn (blitz)"]
[EventRounds "30"]
[EventCountry "CHN"]
[EventCategory "10"]
[SourceTitle "CBM 171 Extra"]
[Source "ChessBase"]
[SourceDate "2016.04.26"]
[SourceVersion "1"]
[SourceVersionDate "2016.04.26"]
[SourceQuality "1"]

1. d4 Nf6 2. c4 e6 3. Nc3 Bb4 4. e3 O-O 5. Bd3 d5 6. Nf3 c5 7. cxd5 cxd4 8.
exd4 exd5 9. O-O h6 10. Ne5 Nc6 11. Nxc6 bxc6 12. Bf4 Bd6 13. Qd2 Bxf4 14. Qxf4
Be6 15. Na4 Qb8 16. Qxb8 Rfxb8 17. b3 Rb4 18. Rfd1 Kf8 19. Be2 Ne4 20. Rac1 Bd7
21. f3 Nd6 22. Nc5 Be8 23. Na6 Rb7 24. Bd3 Rc8 25. Kf2 Rb6 26. Rc3 Bd7 27. Rdc1
Bf5 28. Be2 Ke7 29. a4 Bd7 30. a5 Rb7 31. b4 Nb5 32. Bxb5 Rxb5 33. Rc5 Rxc5 34.
bxc5 Rd8 35. Rb1 Bc8 36. Nb8 Kf6 37. Nxc6 Rd7 38. Rb8 Rc7 39. Nb4 Ke6 40. a6 g5
41. Ke3 h5 42. Kd3 g4 43. fxg4 hxg4 44. Ke3 f6 45. Kf4 Bd7 46. Rb7 Rc8 47. Rxa7
Rb8 48. Rb7 Rh8 49. a7 1-0

[Event "China Elite Mind blitz (Women)"]
[Site "Huaian"]
[Date "2016.02.28"]
[Round "7"]
[White "Kosteniuk, Alexandra"]
[Black "Ju, Wenjun"]
[Result "0-1"]
[WhiteElo "2554"]
[BlackElo "2558"]
[PlyCount "86"]
[EventDate "2016.02.28"]
[EventType "tourn (blitz)"]
[EventRounds "30"]
[EventCountry "CHN"]
[EventCategory "10"]
[SourceTitle "CBM 171 Extra"]
[Source "ChessBase"]
[SourceDate "2016.04.26"]
[SourceVersion "1"]
[SourceVersionDate "2016.04.26"]
[SourceQuality "1"]

1. e4 e5 2. Nf3 Nf6 3. d4 Nxe4 4. Bd3 d5 5. dxe5 Nc5 6. Be2 Be7 7. O-O O-O 8.
c4 dxc4 9. Bxc4 Qxd1 10. Rxd1 Be6 11. Bxe6 fxe6 12. Nc3 Nc6 13. b4 Nxb4 14. Rb1
Nc6 15. Ba3 b6 16. Nb5 Rac8 17. Nbd4 Nd8 18. h4 h6 19. h5 Kf7 20. g4 a6 21. Kg2
Ne4 22. Bxe7 Kxe7 23. Re1 Rf4 24. Rb2 Rxg4+ 25. Kh3 Rf4 26. Rg1 c5 27. Nh4
Nxf2+ 28. Kg3 Nd3 29. Ng6+ Kd7 30. Nxf4 Nxb2 31. Nde2 Nf7 32. Kf3 Nxe5+ 33. Ke4
Nec4 34. Rxg7+ Kc6 35. Rg6 Nd6+ 36. Ke5 Nbc4+ 37. Kxe6 Re8+ 38. Kf6 Ne3 39. Rg7
Nd5+ 40. Kg6 Nxf4+ 41. Nxf4 Re4 42. Ng2 Rg4+ 43. Kxh6 Nf5+ 0-1

[Event "China Elite Mind blitz (Women)"]
[Site "Huaian"]
[Date "2016.02.28"]
[Round "8"]
[White "Kosteniuk, Alexandra"]
[Black "Zhao, Xue"]
[Result "1-0"]
[WhiteElo "2554"]
[BlackElo "2506"]
[PlyCount "137"]
[EventDate "2016.02.28"]
[EventType "tourn (blitz)"]
[EventRounds "30"]
[EventCountry "CHN"]
[EventCategory "10"]
[SourceTitle "CBM 171 Extra"]
[Source "ChessBase"]
[SourceDate "2016.04.26"]
[SourceVersion "1"]
[SourceVersionDate "2016.04.26"]
[SourceQuality "1"]

1. e4 b6 2. d4 Bb7 3. Nc3 e6 4. Bd3 Bb4 5. Nge2 Nf6 6. O-O d5 7. Bg5 dxe4 8.
Bxe4 Bxe4 9. Nxe4 Nbd7 10. c4 Be7 11. N4g3 h6 12. Bf4 O-O 13. Qc2 Qc8 14. Rad1
Qb7 15. Nc3 Bd6 16. Bxd6 cxd6 17. d5 e5 18. Nf5 Ne8 19. Ne4 Qc7 20. Rd3 Nc5 21.
Rg3 Kh8 22. Nxg7 Nxg7 23. Nf6 e4 24. b4 Qe7 25. Ng4 h5 26. bxc5 hxg4 27. cxd6
Qxd6 28. Rxg4 f5 29. Rh4+ Kg8 30. Rh3 Rac8 31. Qb3 Rc7 32. Rg3 f4 33. Rg4 Qe5
34. Rd1 e3 35. c5 e2 36. d6+ Rcf7 37. Re1 bxc5 38. Qc4 Qxd6 39. Qxe2 Rd8 40. h4
Kf8 41. Qc4 Qd4 42. Qa6 Qd2 43. Rb1 Qd7 44. Rg6 Qd3 45. Qxd3 Rxd3 46. Rb8+ Ke7
47. Rb7+ Kf8 48. Rb8+ Ne8 49. Re6 Re7 50. Rf6+ Kg7 51. Rxf4 Nf6 52. g4 Nd5 53.
Rf5 Re4 54. Rg5+ Kf6 55. Rf8+ Ke7 56. Rff5 Red4 57. h5 c4 58. h6 c3 59. h7 c2
60. h8=Q c1=Q+ 61. Kh2 Kd7 62. Rg7+ Ne7 63. Rxe7+ Kxe7 64. Qg7+ Kd6 65. Qf8+
Kd7 66. Rf7+ Ke6 67. Qe7+ Kd5 68. Qd7+ Ke4 69. Qe6# 1-0

[Event "China Elite Mind blitz (Women)"]
[Site "Huaian"]
[Date "2016.02.28"]
[Round "9"]
[White "Paehtz, Elisabeth"]
[Black "Kosteniuk, Alexandra"]
[Result "1-0"]
[WhiteElo "2472"]
[BlackElo "2554"]
[PlyCount "127"]
[EventDate "2016.02.28"]
[EventType "tourn (blitz)"]
[EventRounds "30"]
[EventCountry "CHN"]
[EventCategory "10"]
[SourceTitle "CBM 171 Extra"]
[Source "ChessBase"]
[SourceDate "2016.04.26"]
[SourceVersion "1"]
[SourceVersionDate "2016.04.26"]
[SourceQuality "1"]

1. Nf3 d5 2. c4 e6 3. g3 dxc4 4. Qa4+ c6 5. Qxc4 b5 6. Qc2 c5 7. a4 b4 8. Bg2
Bb7 9. d3 Nc6 10. O-O Nd4 11. Nxd4 Bxg2 12. Nxe6 fxe6 13. Kxg2 Nf6 14. Nd2 Qd5+
15. e4 Qd7 16. Nc4 Be7 17. Ne5 Qd6 18. Nc4 Qc6 19. Bf4 O-O 20. Ne5 Qb6 21. a5
Qb5 22. Qc4 Qxc4 23. Nxc4 Rfd8 24. Rfd1 h6 25. Kf3 g5 26. Be3 Nd7 27. Ke2 e5
28. f4 gxf4 29. gxf4 exf4 30. Bxf4 Kh7 31. Rg1 Bf6 32. Raf1 Rg8 33. Be3 Rxg1
34. Rxg1 Rf8 35. Rf1 Rg8 36. Rg1 Rb8 37. b3 Bd4 38. Rf1 Kg6 39. Rf5 Nf8 40.
Bxd4 cxd4 41. Ne5+ Kg7 42. Rf7+ Kg8 43. Rxa7 Rb5 44. Nc4 Ne6 45. a6 Rh5 46.
Ra8+ Kg7 47. Nd2 Rxh2+ 48. Kd1 Rh1+ 49. Kc2 Ra1 50. Kb2 Ra5 51. Nc4 Rg5 52. a7
Rg2+ 53. Kb1 Rg1+ 54. Ka2 Rg2+ 55. Nb2 Nc7 56. Rc8 Nb5 57. a8=Q Nc3+ 58. Rxc3
bxc3 59. Qa7+ Kg6 60. Qxd4 Rxb2+ 61. Ka1 Rxb3 62. Qd6+ Kg7 63. Qe5+ Kf8 64.
Qf6+ 1-0

[Event "China Elite Mind blitz (Women)"]
[Site "Huaian"]
[Date "2016.02.28"]
[Round "10"]
[White "Kosteniuk, Alexandra"]
[Black "Lagno, Kateryna"]
[Result "1/2-1/2"]
[WhiteElo "2554"]
[BlackElo "2529"]
[PlyCount "123"]
[EventDate "2016.02.28"]
[EventType "tourn (blitz)"]
[EventRounds "30"]
[EventCountry "CHN"]
[EventCategory "10"]
[SourceTitle "CBM 171 Extra"]
[Source "ChessBase"]
[SourceDate "2016.04.26"]
[SourceVersion "1"]
[SourceVersionDate "2016.04.26"]
[SourceQuality "1"]

1. e4 e5 2. Nf3 Nc6 3. Bb5 a6 4. Ba4 g6 5. c3 Bg7 6. d4 exd4 7. cxd4 b5 8. Bc2
d6 9. d5 Na5 10. O-O Ne7 11. Qe1 c6 12. Bd2 Nc4 13. Bc3 Ne5 14. Nxe5 dxe5 15.
Bb4 cxd5 16. exd5 a5 17. Bc5 Nxd5 18. Na3 Qc7 19. Be4 Qxc5 20. Rc1 Qb6 21. Bxd5
Bb7 22. Qe4 Bxd5 23. Qxd5 O-O 24. Qxb5 Rfb8 25. Qxb6 Rxb6 26. Nc4 Rb4 27. Rfe1
a4 28. a3 Rb3 29. f3 Rc8 30. Rc2 Rb5 31. Ree2 Bh6 32. Nd6 Rxc2 33. Rxc2 Rd5 34.
Rc8+ Bf8 35. Ne4 Kg7 36. Rc4 f5 37. Nc3 Rd2 38. Nxa4 Kf6 39. Kf1 Bh6 40. Rc6+
Ke7 41. Rc7+ Kd6 42. Rxh7 Be3 43. Rh8 Rf2+ 44. Ke1 Rxg2 45. h4 e4 46. fxe4 f4
47. Rf8 Ke5 48. Nc3 Rxb2 49. Re8+ Kd4 50. Ne2+ Kd3 51. Rd8+ Kxe4 52. Nc3+ Kf3
53. Nd1 Ra2 54. Nxe3 Kxe3 55. Kf1 Kf3 56. Rd3+ Kg4 57. Rd6 Kg3 58. Rxg6+ Kf3
59. Kg1 Rxa3 60. Rb6 Kg3 61. Rg6+ Kxh4 62. Kf2 1/2-1/2

[Event "China Elite Mind blitz (Women)"]
[Site "Huaian"]
[Date "2016.02.29"]
[Round "11"]
[White "Tan, Zhongyi"]
[Black "Kosteniuk, Alexandra"]
[Result "0-1"]
[WhiteElo "2504"]
[BlackElo "2554"]
[PlyCount "104"]
[EventDate "2016.02.28"]
[EventType "tourn (blitz)"]
[EventRounds "30"]
[EventCountry "CHN"]
[EventCategory "10"]
[SourceTitle "CBM 171 Extra"]
[Source "ChessBase"]
[SourceDate "2016.04.26"]
[SourceVersion "1"]
[SourceVersionDate "2016.04.26"]
[SourceQuality "1"]

1. d4 Nf6 2. c4 e6 3. g3 d5 4. Bg2 dxc4 5. Nf3 Nc6 6. Qa4 Bb4+ 7. Bd2 Bd6 8.
Nc3 O-O 9. Qxc4 e5 10. dxe5 Nxe5 11. Nxe5 Bxe5 12. Rd1 c6 13. O-O Be6 14. Qa4
Qb6 15. Qc2 Rad8 16. b3 Qc5 17. Rc1 Bd4 18. e3 Be5 19. Ne4 Qa3 20. Nxf6+ Bxf6
21. e4 Bd4 22. Bg5 f6 23. Bf4 a5 24. h3 a4 25. bxa4 Qxa2 26. Qxa2 Bxa2 27. Rcd1
c5 28. Rd2 Bb3 29. Bc7 Rd7 30. Bb6 Bxa4 31. Rc1 Rd6 32. Bc7 Rc6 33. Ba5 Be5 34.
f4 Bd4+ 35. Kh2 Be3 36. Ra2 Bxc1 37. Rxa4 Ra6 38. Rc4 Rxa5 39. Rxc1 Ra2 40.
Rxc5 Rd8 41. Rd5 Rxd5 42. exd5 Kf8 43. g4 Ke7 44. Kg3 Kd6 45. g5 b5 46. Be4
fxg5 47. fxg5 g6 48. Kf4 Ra4 49. Ke3 Ke5 50. Bd3 Ra3 51. Ke2 Rb3 52. h4 Rxd3
0-1

[Event "China Elite Mind blitz (Women)"]
[Site "Huaian"]
[Date "2016.02.29"]
[Round "12"]
[White "Kosteniuk, Alexandra"]
[Black "Mkrtchian, Lilit"]
[Result "0-1"]
[WhiteElo "2554"]
[BlackElo "2434"]
[PlyCount "96"]
[EventDate "2016.02.28"]
[EventType "tourn (blitz)"]
[EventRounds "30"]
[EventCountry "CHN"]
[EventCategory "10"]
[SourceTitle "CBM 171 Extra"]
[Source "ChessBase"]
[SourceDate "2016.04.26"]
[SourceVersion "1"]
[SourceVersionDate "2016.04.26"]
[SourceQuality "1"]

1. e4 c5 2. Nf3 e6 3. d4 cxd4 4. Nxd4 a6 5. Nc3 Qc7 6. Bd3 Nf6 7. f4 d6 8. O-O
Nbd7 9. Qe1 b5 10. b4 Bb7 11. a4 bxa4 12. Rxa4 Be7 13. Kh1 O-O 14. Bb2 Nb6 15.
Ra5 Nc4 16. Bxc4 Qxc4 17. Nb3 Nxe4 18. Nxe4 Qxe4 19. Qg3 Qg6 20. Qf2 Rac8 21.
Nd4 Bf6 22. f5 exf5 23. Nxf5 Bxg2+ 24. Qxg2 Qxg2+ 25. Kxg2 Rxc2+ 26. Rf2 Rxf2+
27. Kxf2 Bxb2 28. Rxa6 Be5 29. Ne7+ Kh8 30. Nd5 Bxh2 31. b5 Be5 32. Ke3 h5 33.
b6 Rb8 34. Ne7 Bh2 35. Nc6 Bg1+ 36. Ke4 Rxb6 37. Ra8+ Kh7 38. Nd8 Kg6 39. Ra1
Bc5 40. Rf1 f6 41. Ne6 Rb4+ 42. Kd5 h4 43. Nf4+ Kh6 44. Ne6 h3 45. Nd8 h2 46.
Nf7+ Kg6 47. Nh8+ Kh7 48. Nf7 Bg1 0-1

[Event "China Elite Mind blitz (Women)"]
[Site "Huaian"]
[Date "2016.02.29"]
[Round "13"]
[White "Ushenina, Anna"]
[Black "Kosteniuk, Alexandra"]
[Result "0-1"]
[WhiteElo "2450"]
[BlackElo "2554"]
[PlyCount "98"]
[EventDate "2016.02.28"]
[EventType "tourn (blitz)"]
[EventRounds "30"]
[EventCountry "CHN"]
[EventCategory "10"]
[SourceTitle "CBM 171 Extra"]
[Source "ChessBase"]
[SourceDate "2016.04.26"]
[SourceVersion "1"]
[SourceVersionDate "2016.04.26"]
[SourceQuality "1"]

1. d4 Nf6 2. c4 e6 3. Nf3 b6 4. a3 Bb7 5. Nc3 d5 6. cxd5 Nxd5 7. e3 Be7 8. Bd3
O-O 9. O-O c5 10. e4 Nxc3 11. bxc3 Nc6 12. d5 Na5 13. c4 b5 14. dxe6 fxe6 15.
cxb5 c4 16. Bc2 Qe8 17. Bb2 Rd8 18. Qe2 Qxb5 19. Rab1 Qh5 20. Bc3 Ba6 21. e5
Nb7 22. Rfd1 Nc5 23. Bb4 Bb7 24. Nd4 Qg5 25. f3 Rxd4 26. Rxd4 Bxf3 27. Qd2 Qxd2
28. Rxd2 Bd5 29. Rf1 Rc8 30. h3 Bg5 31. Re2 Nd3 32. Bd6 Nf4 33. Ref2 Ng6 34.
Bxg6 hxg6 35. Rf8+ Rxf8 36. Rxf8+ Kh7 37. Rc8 Bd2 38. Bb4 Be3+ 39. Kf1 Bd4 40.
Bc5 Bxe5 41. Bxa7 c3 42. a4 Bb7 43. Re8 c2 44. Be3 Bb2 45. Rb8 Ba6+ 46. Kf2 Bd4
47. Bxd4 c1=Q 48. Rb2 Qf4+ 49. Ke1 Qxd4 0-1

[Event "China Elite Mind blitz (Women)"]
[Site "Huaian"]
[Date "2016.02.29"]
[Round "14"]
[White "Kosteniuk, Alexandra"]
[Black "Huang, Qian"]
[Result "0-1"]
[WhiteElo "2554"]
[BlackElo "2450"]
[PlyCount "80"]
[EventDate "2016.02.28"]
[EventType "tourn (blitz)"]
[EventRounds "30"]
[EventCountry "CHN"]
[EventCategory "10"]
[SourceTitle "CBM 171 Extra"]
[Source "ChessBase"]
[SourceDate "2016.04.26"]
[SourceVersion "1"]
[SourceVersionDate "2016.04.26"]
[SourceQuality "1"]

1. e4 g6 2. d4 Bg7 3. Nc3 b6 4. Be3 Bb7 5. Qd2 d6 6. O-O-O a6 7. f4 b5 8. e5
Nh6 9. Nf3 Nf5 10. Bf2 b4 11. Ne2 a5 12. Ng3 Nd7 13. Nxf5 gxf5 14. Bh4 Nb6 15.
Bb5+ c6 16. Bd3 Qd7 17. Rhe1 Nd5 18. exd6 Qxd6 19. Bxf5 Bf6 20. Bg3 a4 21. Ng5
a3 22. Ne4 axb2+ 23. Kxb2 Qc7 24. Nxf6+ Nxf6 25. Bd3 Ba6 26. Qe2 Bxd3 27. Rxd3
Nd5 28. Bh4 f6 29. Qh5+ Kd8 30. Ra1 Nxf4 31. Qf5 Nxd3+ 32. Qxd3 Qd6 33. Bg3 Qd5
34. Bf4 Kd7 35. Qh3+ f5 36. Be5 Rhf8 37. Qxh7 c5 38. g4 c4 39. gxf5 c3+ 40. Kb1
Qh1# 0-1

[Event "China Elite Mind blitz (Women)"]
[Site "Huaian"]
[Date "2016.02.29"]
[Round "15"]
[White "Harika, Dronavalli"]
[Black "Kosteniuk, Alexandra"]
[Result "0-1"]
[WhiteElo "2511"]
[BlackElo "2554"]
[PlyCount "118"]
[EventDate "2016.02.28"]
[EventType "tourn (blitz)"]
[EventRounds "30"]
[EventCountry "CHN"]
[EventCategory "10"]
[SourceTitle "CBM 171 Extra"]
[Source "ChessBase"]
[SourceDate "2016.04.26"]
[SourceVersion "1"]
[SourceVersionDate "2016.04.26"]
[SourceQuality "1"]

1. Nf3 Nf6 2. g3 b6 3. Bg2 Bb7 4. O-O e6 5. d3 d5 6. Nbd2 Be7 7. e4 c5 8. e5
Nfd7 9. Re1 Nc6 10. h4 Qc7 11. Qe2 h6 12. h5 Nb4 13. Nf1 c4 14. d4 c3 15. Ne3
Ba6 16. Qd1 cxb2 17. Bxb2 Rc8 18. Qd2 b5 19. a4 Nb6 20. Ba3 Qc3 21. Qxc3 Rxc3
22. Bxb4 Bxb4 23. Reb1 Rxe3 24. fxe3 Bc3 25. axb5 Bxa1 26. Rxa1 Bxb5 27. Rxa7
Nc8 28. Rb7 Ba6 29. Rb8 Kd7 30. Bf1 Kc7 31. Rb3 Bxf1 32. Kxf1 Nb6 33. Nd2 Ra8
34. Ke2 Ra1 35. Rb1 Ra2 36. Kd3 Ra3+ 37. Rb3 Ra1 38. Rb1 Ra3+ 39. Nb3 Nd7 40.
Rf1 f6 41. exf6 Nxf6 42. g4 Kd6 43. Rg1 Ne4 44. Ra1 Rxa1 45. Nxa1 Nf2+ 46. Ke2
Nxg4 47. Nb3 Nf6 48. Kf3 Nxh5 49. e4 dxe4+ 50. Kxe4 Nf6+ 51. Kd3 h5 52. c4 h4
53. Ke3 g5 54. Nd2 g4 55. Kf4 g3 56. Nf3 g2 57. Kg5 h3 58. Kxf6 h2 59. c5+ Kd5
0-1

[Event "China Elite Mind blitz (Women)"]
[Site "Huaian"]
[Date "2016.02.29"]
[Round "16"]
[White "Gunina, Valentina"]
[Black "Kosteniuk, Alexandra"]
[Result "0-1"]
[WhiteElo "2496"]
[BlackElo "2554"]
[PlyCount "97"]
[EventDate "2016.02.28"]
[EventType "tourn (blitz)"]
[EventRounds "30"]
[EventCountry "CHN"]
[EventCategory "10"]
[SourceTitle "CBM 171 Extra"]
[Source "ChessBase"]
[SourceDate "2016.04.26"]
[SourceVersion "1"]
[SourceVersionDate "2016.04.26"]
[SourceQuality "1"]

1. d4 Nf6 2. c4 e6 3. Nf3 b6 4. g3 Bb7 5. Bg2 Be7 6. O-O O-O 7. Re1 d5 8. cxd5
exd5 9. Nc3 c5 10. Ne5 Nc6 11. Nxc6 Bxc6 12. Bf4 c4 13. Qc2 b5 14. a3 a5 15. e4
dxe4 16. Nxe4 Bxe4 17. Bxe4 Nxe4 18. Rxe4 Bd6 19. a4 f5 20. Bxd6 Qxd6 21. Re5
Qxd4 22. Rxb5 Rad8 23. Rxf5 Rxf5 24. Qxf5 Qxb2 25. Qe6+ Kh8 26. Re1 Rf8 27. Re2
Qa1+ 28. Kg2 Qxa4 29. Re4 Qc2 30. Rf4 Rg8 31. Rxc4 Qa2 32. Qe4 Rf8 33. Rc2 Qf7
34. Qc6 h6 35. h4 Qb3 36. Qd6 Qf3+ 37. Kh2 a4 38. Ra2 Ra8 39. Qb4 a3 40. Qc4
Rd8 41. Qc7 Rd1 42. Qc8+ Kh7 43. Qc2+ Kh8 44. Qc8+ Kh7 45. Qc2+ Kg8 46. Qc8+
Kf7 47. Qc4+ Kg6 48. Qc2+ Kh5 49. Qxd1 0-1

[Event "China Elite Mind blitz (Women)"]
[Site "Huaian"]
[Date "2016.02.29"]
[Round "17"]
[White "Kosteniuk, Alexandra"]
[Black "Dzagnidze, Nana"]
[Result "1-0"]
[WhiteElo "2554"]
[BlackElo "2529"]
[PlyCount "129"]
[EventDate "2016.02.28"]
[EventType "tourn (blitz)"]
[EventRounds "30"]
[EventCountry "CHN"]
[EventCategory "10"]
[SourceTitle "CBM 171 Extra"]
[Source "ChessBase"]
[SourceDate "2016.04.26"]
[SourceVersion "1"]
[SourceVersionDate "2016.04.26"]
[SourceQuality "1"]

1. e4 e5 2. Nf3 Nc6 3. Bb5 a6 4. Ba4 Nf6 5. O-O Be7 6. Re1 b5 7. Bb3 d6 8. c3
O-O 9. h3 Bb7 10. d4 Re8 11. Nbd2 Bf8 12. d5 Nb8 13. Nf1 Nbd7 14. Ng3 g6 15. a3
h6 16. c4 c6 17. dxc6 Bxc6 18. cxb5 axb5 19. Ba2 Nc5 20. Nd2 d5 21. exd5 Bxd5
22. Bxd5 Qxd5 23. Nde4 Qc6 24. Nxc5 Qxc5 25. Be3 Qd5 26. Qe2 Qb3 27. Red1 Rad8
28. Rd2 Bg7 29. Rad1 Rc8 30. Qd3 Qc4 31. Qxc4 Rxc4 32. Rd6 Rc2 33. R1d2 Rec8
34. Rxc2 Rxc2 35. b4 Ra2 36. Ra6 Nd5 37. Ne4 Nxb4 38. Ra8+ Kh7 39. Nd6 f5 40.
Ra7 Kg8 41. axb4 Rb2 42. Bc5 e4 43. g3 Be5 44. Ra8+ Kh7 45. Ra7+ Kg8 46. Rb7 h5
47. h4 Re2 48. Rxb5 f4 49. gxf4 Bxf4 50. Rb8+ Kh7 51. Re8 e3 52. fxe3 Bg3 53.
Ne4 Bxh4 54. Bd4 g5 55. Re7+ Kg6 56. Re6+ Kf7 57. Rf6+ Ke8 58. Rh6 Re1+ 59. Kg2
Re2+ 60. Kf3 Re1 61. Rxh5 Rf1+ 62. Ke2 Re1+ 63. Kd3 Rd1+ 64. Kc4 Rg1 65. b5 1-0

[Event "China Elite Mind blitz (Women)"]
[Site "Huaian"]
[Date "2016.02.29"]
[Round "18"]
[White "Khotenashvili, Bela"]
[Black "Kosteniuk, Alexandra"]
[Result "0-1"]
[WhiteElo "2502"]
[BlackElo "2554"]
[PlyCount "86"]
[EventDate "2016.02.28"]
[EventType "tourn (blitz)"]
[EventRounds "30"]
[EventCountry "CHN"]
[EventCategory "10"]
[SourceTitle "CBM 171 Extra"]
[Source "ChessBase"]
[SourceDate "2016.04.26"]
[SourceVersion "1"]
[SourceVersionDate "2016.04.26"]
[SourceQuality "1"]

1. d4 Nf6 2. c4 e6 3. g3 d5 4. Bg2 dxc4 5. Nf3 Nc6 6. O-O Rb8 7. Nc3 a6 8. e3
b5 9. Qe2 Be7 10. Rd1 O-O 11. e4 Bb7 12. h3 Nb4 13. Ne1 Re8 14. a4 c6 15. Bf4
Ra8 16. g4 Nd7 17. a5 Qc8 18. g5 c5 19. dxc5 Nxc5 20. h4 Ncd3 21. Nxd3 Nxd3 22.
Bg3 Qc5 23. Rxd3 cxd3 24. Qxd3 Rad8 25. Qe2 b4 26. Nd1 Bd6 27. Bxd6 Rxd6 28.
Ne3 Rd4 29. Qg4 Qe5 30. Re1 Qxa5 31. h5 b3 32. Re2 Rd2 33. g6 Rxe2 34. Qxe2
hxg6 35. hxg6 fxg6 36. Qg4 Qa1+ 37. Kh2 Qxb2 38. Qxg6 Qe5+ 39. Kg1 Rc8 40. Ng4
Qf4 41. Qxe6+ Kh8 42. Ne3 b2 43. Qh3+ Qh6 0-1

[Event "China Elite Mind blitz (Women)"]
[Site "Huaian"]
[Date "2016.02.29"]
[Round "20"]
[White "Socko, Monika"]
[Black "Kosteniuk, Alexandra"]
[Result "0-1"]
[WhiteElo "2448"]
[BlackElo "2554"]
[PlyCount "190"]
[EventDate "2016.02.28"]
[EventType "tourn (blitz)"]
[EventRounds "30"]
[EventCountry "CHN"]
[EventCategory "10"]
[SourceTitle "CBM 171 Extra"]
[Source "ChessBase"]
[SourceDate "2016.04.26"]
[SourceVersion "1"]
[SourceVersionDate "2016.04.26"]
[SourceQuality "1"]

1. d4 Nf6 2. c4 e6 3. Nf3 b6 4. g3 Bb4+ 5. Nbd2 Bb7 6. Bg2 c5 7. O-O cxd4 8.
Nxd4 Bxg2 9. Kxg2 Nc6 10. N2f3 Nxd4 11. Qxd4 O-O 12. e4 Bc5 13. Qd3 Qc7 14. Bg5
Qb7 15. Bxf6 gxf6 16. Rad1 Rad8 17. Rfe1 a6 18. Re2 b5 19. cxb5 axb5 20. Qd2
Be7 21. Qh6 Kh8 22. e5 fxe5 23. Rxe5 Rg8 24. Rh5 Rg7 25. Qe3 f5 26. Qe5 Rf8 27.
Rd3 Bf6 28. Qc5 Kg8 29. Rb3 Rb8 30. Kg1 Qc6 31. Qe3 Qd5 32. Ne1 Qd1 33. Rh3 Rc8
34. Kf1 Qd5 35. Kg1 Bd4 36. Qf4 Be5 37. Qf3 Rc1 38. Kf1 Qc4+ 39. Qe2 Qd5 40.
Kg1 Qd1 41. Qxd1 Rxd1 42. Kf1 Rd5 43. Rh4 Bd4 44. Rf4 Rf7 45. Rff3 e5 46. Rfd3
Rc5 47. Rd2 Rc1 48. Ke2 f4 49. f3 fxg3 50. hxg3 Rg7 51. g4 h5 52. gxh5 Rg1 53.
Rd1 Rxd1 54. Kxd1 Bf2 55. Ke2 Bxe1 56. Rxb5 Bg3 57. Rd5 Rg2+ 58. Kd3 Bf4 59. b4
Rxa2 60. Ke4 Ra7 61. Kf5 Rb7 62. b5 Kf7 63. h6 Bxh6 64. Kxe5 Bf8 65. f4 d6+ 66.
Ke4 Ke6 67. Rg5 Be7 68. Rh5 Ra7 69. Rh6+ Kf7 70. f5 Rb7 71. Rh7+ Kf6 72. Rh6+
Kg7 73. Re6 Kf7 74. Rh6 Rxb5 75. Rh7+ Kf6 76. Rh6+ Kg7 77. Rh1 Bf6 78. Kf4 Rb4+
79. Kf3 Be5 80. Rf1 Kf6 81. Ke3 d5 82. Kd3 Rb3+ 83. Kd2 Rh3 84. Ke2 d4 85. Kd2
Rh5 86. Kd3 Rxf5 87. Ra1 Rf3+ 88. Kd2 Kf5 89. Rh1 Ke4 90. Rh4+ Bf4+ 91. Kd1 d3
92. Rh1 Kd4 93. Rg1 Kc3 94. Rh1 Be3 95. Re1 Rg3 0-1

[Event "China Elite Mind blitz (Women)"]
[Site "Huaian"]
[Date "2016.03.01"]
[Round "21"]
[White "Kosteniuk, Alexandra"]
[Black "Krush, Irina"]
[Result "1-0"]
[WhiteElo "2554"]
[BlackElo "2458"]
[PlyCount "76"]
[EventDate "2016.02.28"]
[EventType "tourn (blitz)"]
[EventRounds "30"]
[EventCountry "CHN"]
[EventCategory "10"]
[SourceTitle "CBM 171 Extra"]
[Source "ChessBase"]
[SourceDate "2016.04.26"]
[SourceVersion "1"]
[SourceVersionDate "2016.04.26"]
[SourceQuality "1"]

1. e4 g6 2. d4 Bg7 3. Nc3 c6 4. f4 d5 5. e5 Nh6 6. Bd3 O-O 7. Nf3 f6 8. O-O Bg4
9. h3 Bxf3 10. Rxf3 e6 11. Ne2 c5 12. c3 Nd7 13. Be3 fxe5 14. dxe5 Nf5 15. Bxf5
Rxf5 16. Qb3 Qc7 17. Rd1 Raf8 18. c4 d4 19. Bc1 g5 20. Ng3 R5f7 21. Nh5 gxf4
22. Bxf4 Bxe5 23. Rdf1 Kh8 24. Bh6 Rxf3 25. Rxf3 Rf5 26. Rxf5 exf5 27. Qf3 Qd6
28. Bd2 Nf6 29. Nxf6 Bxf6 30. Qxb7 Qe5 31. Qa8+ Kg7 32. Qxa7+ Kg6 33. Qa3 Bh4
34. Qf3 Qe4 35. Qf4 Kf7 36. g3 Bf6 37. Qh6 Qf3 38. Qxh7+ Bg7 1-0

[Event "China Elite Mind blitz (Women)"]
[Site "Huaian"]
[Date "2016.03.01"]
[Round "22"]
[White "Ju, Wenjun"]
[Black "Kosteniuk, Alexandra"]
[Result "0-1"]
[WhiteElo "2558"]
[BlackElo "2554"]
[PlyCount "134"]
[EventDate "2016.02.28"]
[EventType "tourn (blitz)"]
[EventRounds "30"]
[EventCountry "CHN"]
[EventCategory "10"]
[SourceTitle "CBM 171 Extra"]
[Source "ChessBase"]
[SourceDate "2016.04.26"]
[SourceVersion "1"]
[SourceVersionDate "2016.04.26"]
[SourceQuality "1"]

1. Nf3 Nf6 2. g3 d5 3. Bg2 Bf5 4. O-O e6 5. c4 c6 6. d3 Na6 7. cxd5 exd5 8. Nc3
Be7 9. Nd4 Bg6 10. e4 Nc5 11. Re1 dxe4 12. dxe4 O-O 13. b4 Ne6 14. Nxe6 Qxd1
15. Rxd1 fxe6 16. a3 a5 17. Rb1 axb4 18. axb4 Rad8 19. f3 Rxd1+ 20. Nxd1 Nd5
21. Bd2 Ra8 22. b5 Bc5+ 23. Kf1 Nb6 24. Rc1 Nd7 25. bxc6 bxc6 26. Be3 Bxe3 27.
Nxe3 c5 28. f4 Ra3 29. Nc4 Rd3 30. e5 Rd4 31. Kf2 Bd3 32. Nd6 c4 33. Ke3 Rxd6
34. exd6 Kf7 35. Be4 Bxe4 36. Kxe4 Nc5+ 37. Ke3 Nb7 38. d7 Ke7 39. Rd1 c3 40.
Rd4 Kd8 41. Kd3 Nc5+ 42. Kxc3 Nxd7 43. Kd3 Ke7 44. Rb4 Kd6 45. Ke3 g6 46. Rb7
h5 47. Rb5 Ke7 48. Rg5 Kf6 49. Ra5 Nb6 50. Ke4 Nc4 51. Ra6 Nd2+ 52. Kd3 Nf3 53.
Ra2 g5 54. Ke3 g4 55. h3 Ng1 56. hxg4 hxg4 57. Ra8 Nf3 58. Rf8+ Kg6 59. Ke4 Kg7
60. Re8 Kf6 61. Rg8 Nh2 62. Rg5 Kf7 63. Ra5 Nf1 64. Ra3 Kf6 65. Rb3 Nd2+ 66.
Ke3 Nxb3 67. Ke4 Nc5+ 0-1